WWE Backlash PPV Title Winners - Statistics

General Stats
  • This quiz has been taken 31 times
  • The average score is 21 of 27
Answer Stats
Year Title Won Wrestler % Correct
2001 WWF Tag Team Triple H
100%
2008 WWE Championship Triple H
100%
2009 WWE Championship Randy Orton
96%
2016 WWE Championship AJ Styles
92%
2009 World Heavyweight Edge
92%
2001 WWF Tag Team Stone Cold Steve Austin
92%
2017 WWE Championship Jinder Mahal
88%
2000 WWF Championship The Rock
88%
2009 ECW Championship Christian
85%
2002 Intercontinental Eddie Guerrero
85%
2008 United States Matt Hardy
85%
2016 SmackDown Women's Becky Lynch
81%
2016 SmackDown Tag Team Heath Slater
81%
2002 Undisputed Championship Hollywood Hulk Hogan
81%
2016 SmackDown Tag Team Rhyno
81%
2024 Women's Tag Team Bianca Belair
77%
2021 SmackDown Tag Team Dominik Mysterio
73%
2021 SmackDown Tag Team Rey Mysterio
73%
2006 Intercontinental Rob Van Dam
73%
2022 SmackDown Women's Ronda Rousey
69%
2024 Women's Tag Team Jade Cargill
65%
2005 World Tag Team The Hurricane
58%
2007 ECW Championship Vince McMahon
58%
2003 Women's Jazz
54%
2005 World Tag Team Rosey
54%
1999 Hardcore Al Snow
42%
2002 Cruiserweight Tajiri
38%
No matching quizzes found
Score Distribution
Percent of People with Each Score
Percentile by Number Answered
Your Score History
You have not taken this quiz